Crowds and history : mass phenomena in English towns, 1790-1835

Αποθηκεύτηκε σε:
Λεπτομέρειες βιβλιογραφικής εγγραφής
Κύριος συγγραφέας: Harrison, Mark 1958-
Μορφή: Βιβλίο
Γλώσσα:English
Δημοσίευση: Cambridge : Cambridge University Press, 2002, 1988
Σειρά:Past and present publications
Θέματα:
Ετικέτες: Προσθήκη ετικέτας
Δεν υπάρχουν, Καταχωρήστε ετικέτα πρώτοι!

MARC

LEADER 00000nam a2200000 i 4500
001 1/88082
008 080609r20021988 eng d
020 |a 978-0-521-52013-3 (pbk.) 
020 |a 0-521-52013-4 (pbk.) 
035 |l 10098028 
040 |a GR-MY-UA  |b gre  |e aacr 
041 0 |a eng 
082 0 |a 942.07  |2 (22) 
100 1 |a Harrison, Mark  |d 1958- 
245 1 0 |a Crowds and history :  |b mass phenomena in English towns, 1790-1835 /  |c Mark Harrison 
260 |a Cambridge :   |b Cambridge University Press,   |c 2002, 1988 
300 |a xviii, 355 σ.;  |b εικ., πίν., χάρτες;  |c 22 εκ. 
490 1 |a Past and present publications 
500 |a Πρώτη χαρτόδετη έκδοση 2002 
504 |a Βιβλιογραφία: σ. 322-345 
504 |a Ευρετήριο: σ. 346-355 
650 0 0 |a Crowds  |x History. 
650 0 0 |a Cities and towns  |z England  |x History. 
651 0 |a Great Britain  |x History  |y 1789-1820. 
651 0 |a Great Britain  |x History  |y 1800-1837. 
651 0 |a England  |x Social conditions  |y 19th century. 
651 0 |a England  |x Social conditions  |y 18th century. 
830 0 |a Past and present publications 
852 |a INST  |b LESVOS  |e 20080609  |h 942.07 HAR  |p 005100042300  |q 005100042300  |t BK  |y 0 
901 |a BIBL1-2008-2 
909 |a Λ  |b 145053 
922 |a 1ΕΛΗ  |b 200801  |c ΕΠΕΑΕΚ2/ΤΚΑ  |d ΕΛΕΥΘΕΡΟΥΔΑΚΗΣ 
970 |a ΓΙΑΛΑΜΑ  |b ΜΑΡΙΑ  |z 2008/06/09